Call of Duty Games 2003-2015 - Statistics

General Stats
  • This quiz has been taken 95 times
  • The average score is 11 of 16
Answer Stats
The Year The Best FPS Games ever % Correct
2003 Call of Duty
94%
2010 Black Ops
91%
2012 Black Ops 2
90%
2007 Modern Warfare
89%
2004 Call of Duty 2
87%
2009 Modern Warfare 2
86%
2005 Call of Duty 3
85%
2011 Modern Warfare 3
84%
2008 World at War
84%
2015 (Coming Soon) Black Ops 3
82%
2014 Advanced Warfare
76%
2013 Ghosts
72%
2006 Big Red One
32%
2005 Finest Hour
28%
2006 Roads to Victory
19%
2004 United Offensive
19%
No matching quizzes found
Score Distribution
Percent of People with Each Score
Percentile by Number Answered
Your Score History
You have not taken this quiz